000
00302nam a22001337a 4500
008
170911b xxu||||| |||| 00| 0 eng d
020
_a
9780070088177
041
_a
eng
080
_2
6 ED
_a
53
100
_a
43
101
_a
FIZ
245
_a
PRINCIPLES OF PHYSICS
_c
BUECHE.F.J
942
_2
udc
_c
BK
999
_c
27118
_d
27118